| 000 | 01351nam a2200289 i 4500 | ||
|---|---|---|---|
| 003 | EG-GICUC | ||
| 005 | 20260121101645.0 | ||
| 008 | 260104s1960 ua da||fr|||| 000 0 ara d | ||
| 040 |
_a EG-GICUC _c EG-GICUC _d EG-GICUC _erda |
||
| 041 | 0 | _aara | |
| 082 | 0 | 4 |
_221 _a343.4221.4 _bب غ |
| 092 | 0 | 4 | _221 |
| 099 | _aLaw1 10 343.4221.4 ب غ 1960. | ||
| 110 | 1 |
_aمصر. _bالمركز القومي للبحوث الاجتماعية والجنائية |
|
| 245 | 0 | 0 |
_aبحث البغاء في القاهرة : _bدراسة إحصائية تحليلية. _nالجزء الأول / _cالمركز القومي للبحوث الاجتماعية والجنائية. |
| 264 |
_aالقاهرة : _bالمركز القومي للبحوث الاجتماعية والجنائية, _c1960. |
||
| 300 |
_a159 صفحة, صفحات غير مرقمة, مختلف الترقيم : _bجداول, رسوم بيانية, إيضاحيات ؛ _c27 سم. |
||
| 336 |
_2rda content _atext |
||
| 337 |
_2rda media _aComputer |
||
| 338 |
_2rda carrier _aOnline Resource |
||
| 504 | _aيشتمل على إرجاعات ببليوجرافية. | ||
| 650 | 1 |
_a التشريعات المتعلقة بالدعارة والبغاء _2qrmak |
|
| 651 | 1 | _2qrmak | |
| 856 | 4 | 0 | _uhttps://fll.law.cu.edu.eg/fulltext/bks/B10-06471.pdf |
| 905 | _a62 | ||
| 942 |
_2ddc _n0 _cBK _e21 |
||
| 999 |
_c54448 _d54448 |
||